000
00201 a2200109 4500
020
_a
9780061961717
041
_a
eng
100
_a
J.A.Jance
245
_a
Partner in Crime
942
_c
BK
952
_7
4
999
_c
16636
_d
16636